000 00574nam a2200181Ia 4500
003 IN-BaIIA
008 211028s9999 xx 000 0 eng d
040 _cIIA Library
080 _a083.3:524.3.335.3
_bSTR
100 _aStriganov, A. R
_98763
245 0 _aTables of spectral lines of neutral and ionized atoms
_cA. R. Strignaov and N. S. Sventitskii
260 _aNew York
_bPlenum Press
_c1968
300 _axi, 899p.
650 _a Tables - Spectra
_98764
650 _aAstronomy and astrophysics thesaurus 
_91143
700 _aSventitskii, N. S.
_98765
942 _cBK
999 _c4894
_d4894